Meu inimigo sou eu (Record no. 189436)

MARC details
000 -LÍDER
campo de controle de tamanho fixo 00380 a2200169 4500
001 - NÚMERO DE CONTROLE
campo de controle 189436
020 ## - ISBN - INTERNATIONAL STANDARD BOOK NUMBER
ISBN - International Standard Book Number 85-85328-05-9
040 ## - FONTE DA CATALOGAÇÃO
Instituição que transcreveu o registro Magnum
100 ## - ENTRADA PRINCIPAL--NOME PESSOAL
Nome pessoal Binur, Yoram
240 10 - TÍTULO UNIFORME
Título uniforme Meu inimigo sou eu
Idioma da obra por
245 10 - TÍTULO
Título Meu inimigo sou eu
300 ## - DESCRIÇÃO FÍSICA
Extensão 234
362 0# - DATAS DE PUBLICAÇÃO E/OU DESIGNAÇÃO SEQUENCIAL
Datas de publicação e/ou designação sequencial 1991
440 #1 - DECLARAÇÃO DE SÉRIE/ENTRADA ADICIONADA--TÍTULO
Título Scritta Oficina Editorial
697 ## - ENTRADA DE ASSUNTO LOCAL--ENTIDADE COLETIVA (RLIN)
Nome corporativo ou nome da jurisdição LITERATURA GERAL ESTRANGEIRA
942 ## - ELEMENTOS DE ENTRADA ADICIONADOS (KOHA)
Tipo de material Koha Livros
Holdings
Situação do descarte Situação das perdas Situação física Não pode ser emprestado Biblioteca de origem Biblioteca atual Data de aquisição Total de empréstimos Número de chamada completo Código de barras Data de último acesso Data do preço efetivo Tipo de material Koha
        Magnum Magnum 08/06/2024   890.2.355 MAG00064440 08/06/2024 08/06/2024 Livros